000 00262nam a2200097Ia 4500
001 683429
005 20250826161438.0
008 250824s9999 xx 000 0 und d
245 0 _aGÖNÜL KİMİ SEVERSE GÜZEL ODUR
_cFATMA BURÇAK
260 _bCARPE DİEM YAYINLARI
999 _c683429
_d683429